LEADER 01060nam a2200253 i 4500 001 000000166544 003 CaOOAMICUS 005 20230120152810.0 008 071113s1966 it u000 u ita u 040 $aSeMil$bita 100 1 $aWaugh, Evelyn,$d<1903-1966>.$0(OLS)http://semarc/name/36669 240 14$aThe loved one :$ban anglo-american tragedy.$0(OLS)http://semarc/title/442672 245 13$aIl caro estinto /$cRomanzo di Evelyn Waugh ; illustrazioni di Stuart Boyle. 264 1$aMilano :$bBompiani,$c1966. 300 $a180 p. :$bill. ;$c21 cm. 490 1 $aI delfini : i più famosi libri moderni 700 1 $aBoyle, Stuart.$0(OLS)http://semarc/name/62720 830 2$aI delfini : i più famosi libri moderni.$0(OLS)http://semarc/title/7393 850 $aSeMil 852 $aSeMil$W1$xVenegono$y1$m1T II 75$j236595$B117707$CSeMilBibl$Z2$F128399 $81 961 $aRecupero: Altro 996 $6245$aIl caro estinto$9(OLS)http://semarc/title/237983 996 $6264$aMilano :$bBompiani$9(OLS)http://semarc/publisher/29706 LEADER 01676nam a2200253 i 4500 001 000000114398 003 CaOOAMICUS 005 20220929102117.0 008 030429s2001 be u100 u mul u 013 $a87084 040 $aSeMil$bita 245 13$aLa figura di san Pietro nelle fonti del Medioevo :$batti del convegno tenutosi in occasione dello Studiorum universitatum docentium congressus (Viterbo e Roma, 5-8 settembre 2000) /$ca cura di Loredana Lazzari e Anna Maria Valente Bacci. 260 $aLouvain-La-Neuve :$bFederation internationale des Instituts d'études medievales,$ccopyr. 2001. 300 $a708 p., [40] carte di tav. ;$bill. ;$c24 cm 490 0 $aTextes et études du Moyen Âge / Fédération internationale des instituts d'études médiévales ;$v17 650 04$aPietro - Fonti manoscritte.$0(OLS)http://semarc/subject/52744 700 1 $aValente Bacci, Anna Maria.$0(OLS)http://semarc/name/47832 700 1 $aLazzari, Loredana.$0(OLS)http://semarc/name/47831 830 0$aTextes et études du Moyen Âge / Fédération internationale des instituts d'études médiévales ;$v17.$0(OLS)http://semarc/title/8577 850 $aSeMil 852 $aSeMil$W1$xVenegono$y1$m2XA Y 17$j234618$B242877$CSeMilBibl$Z2$F242877 $81 996 $6245$aLa figura di san Pietro nelle fonti del Medioevo :$batti del convegno tenutosi in occasione dello Studiorum universitatum docentium congressus (Viterbo e Roma, 5-8 settembre 2000)$9(OLS)http://semarc/title/167207 996 $6260$aLouvain-La-Neuve :$bFederation internationale des Instituts d'études medievales$9(OLS)http://semarc/publisher/31792